000 01902nam a2200265 a 4500
001 77688
003 BD-RjUL
005 20211209083018.0
008 201227s2007 bg a|||| m||| 00| 0 ben d
035 _a(BD-RjUL)77914
040 _aBD-RjUL
_bben /eng
_cBD-RjUL
_dBD-RjUL
041 _aben
082 _a305.4095492
_bNAB 2007
_223
100 _aনাহার, শামসুন
_9242966
245 1 0 _aবাংলাদেশের নারী সমাজ :
_bসংবাদপত্র ভিত্তিক একটি সমীক্ষা (১৯৭১-১৯৯০) /
_cশামসুন নাহার ;
_6গবেষণা তত্ত্বাবধায়ক : মুহম্মদ নূরুল কাইয়ুম ; সহ- গবেষণা তত্ত্বাবধায়ক : মু. ময়েজুল ইসলাম
260 _aরাজশাহী :
_bইতিহাস বিভাগ , রাজশাহী বিশ্ববিদ্যালয়,
_c২০০৭
300 _a[৪] , ৩০৩ পাতা :
_bচিএ ;
_c২৮ সেমি.
502 _aথিসিস (পিএইচ . ডি.) -- ইতিহাস বিভাগ, রাজশাহী বিশ্ববিদ্যালয়, ২০০৭
504 _aগ্রন্থপঞ্জি : পাতা [২৮৪]-৩০৩
650 _aগণমাধ্যমে নারী
_zবাংলাদেশ
_y১৯৭১-১৯৯০
_xকেস স্টাডিজ
_9242967
650 _awomen in Mass Media
_zBangladesh
_y1971-1990
_9242968
_xcase studies
700 _aকাইয়ুম, মুহম্মদ নূরুল, গবেষণা তত্ত্বাবধায়ক
_9243194
700 _aইসলাম, মু. ময়েজুল, সহ- গবেষণা তত্ত্বাবধায়ক
_9243195
942 _2ddc
_cTHE
999 _c77688
_d77688